000 00585nam a22002057a 4500
005 20251108171123.0
008 250721s1974 xx 000 0 ara d
082 1 4 _a214.3/حسن
100 1 _aأيوب، حسن
245 1 0 _aمع الله :
_bصفاته و أسمائه الحسنى /
250 _aط4.
264 1 _aالكويت :
_bدار القلم،
_c1974.
300 _a181ص
490 0 _aرسالة المسجد ؛2
650 1 7 _aالإسلام
650 1 7 _aأصول الدين الإسلامي
650 1 7 _aالتوحيد
942 _2ddc
_cBK
999 _c57110
_d57110